[Event "Regency Masters"]
[Site "Ramsgate"]
[Date "1982.12.12"]
[Round "9.2"]
[White "Milos, Gilberto"]
[Black "Nunn, John DM"]
[Result "0-1"]
[WhiteElo "2395"]
[BlackElo "2565"]
[Annotator "Martin, Andrew"]
[PlyCount "92"]
[EventDate "1982.12.04"]
[EventType "swiss"]
[EventRounds "9"]
[EventCountry "ENG"]
[SourceTitle "BritBase"]
[Source "John Saunders"]
[SourceDate "2021.10.06"]
[SourceVersion "1"]
[SourceVersionDate "2021.10.06"]
[SourceQuality "1"]

1. Nf3 g6 2. c4 Bg7 3. Nc3 d6 4. d4 Nf6 5. e4 O-O 6. Be2 Nbd7 7. O-O (7. e5 $5
Ne8 $1 (7... dxe5 8. dxe5 Ng4 9. e6 fxe6 10. O-O Nge5 (10... Nc5 11. Bg5 Bf6
12. Qc1 c6 13. Bxf6 Nxf6 14. b4 $16 {Lisitsin,G-Zagorovsky,V, Leningrad 1949 
(1-0, 32)}) 11. Ng5 Nc5 12. Be3 Ncd3 13. Rb1 a5 14. a3 b6 15. Qc2 $14 {ECO}) 8.
O-O c5 9. exd6 (9. e6 $6 fxe6 10. Ng5 Nc7 11. Nb5 Nf6 12. dxc5 Nxb5 13. cxb5
dxc5 14. Qb3 Nd5 15. Bg4 Qb6 {Neikirkh,O-Cardoso,R, Portoroz Interzonal 1958 
(1-0, 46)}) 9... Nxd6 10. d5 Nb6 11. Qb3 Bg4 $11) 7... e5 8. Be3 h6 $5 (8...
Ng4 9. Bg5 f6 10. Bc1 $1 Nh6 11. Qc2 Nf7 12. Rd1 c6 13. b4 Qe7 14. Ba3 f5 {
(Heinig,W (2355)-Knaak,R (2495), Leipzig 1982 (1-0, 43))} 15. b5 $14 {Heinig})
(8... c6 9. d5 $1 cxd5 (9... Ng4 10. Bg5 f6 11. Bd2 Qe7 12. b4 $14 {Zeitlein,M
(2490)-Knaak,R (2495), Moscow 1982 (1-0, 53)}) 10. cxd5 Ng4 11. Bg5 f6 12. Bd2
Nc5 13. b4 $14 {Yusupov,A (2575)-Gavrikov,V (2365), Yerevan 1981 (1-0, 42)}) (
8... a5) (8... Re8 $6) 9. dxe5 (9. h3 exd4 10. Bxd4 Re8 11. Qc2 c6 12. Rad1 Qe7
13. Rfe1 {Informator 20/172}) 9... dxe5 10. Nd2 Nh7 11. c5 Ng5 12. Nc4 (12. b4
Nf6 {Savon,V-Stein,L, USSR Ch, Moscow 1969 (½-½, 35)}) 12... Ne6 13. c6 bxc6
14. Na5 Nb8 15. Qxd8 Rxd8 16. Rfd1 Nd4 17. Bc4 Ba6 18. Rd2 Bxc4 19. Nxc4 Nd7
20. Rad1 Nb6 21. Na5 c5 22. b3 Bf8 23. Nb5 Rdc8 24. Na3 Re8 25. Rc1 Rab8 26.
Kf1 h5 27. N3c4 Re6 28. Nb2 Nd7 29. Na4 Be7 30. Nc4 Ra6 31. Ncb2 Nb6 32. Rdd1
Bd6 33. Rc3 f5 34. exf5 gxf5 35. Bc1 Nd5 36. Rh3 Nb4 37. Rxh5 Nxa2 38. Be3 Rxb3
39. Bxd4 cxd4 40. Rxf5 Nc3 41. Rd3 Ne4 42. Rxb3 Nd2+ 43. Ke2 Nxb3 44. g4 e4 45.
Rb5 Nc1+ 46. Kd1 Nd3 0-1

[Event "Regency Masters"]
[Site "Ramsgate"]
[Date "1982.12.12"]
[Round "9.3"]
[White "Grooten, Herman"]
[Black "Kurajica, Bojan"]
[Result "1/2-1/2"]
[WhiteElo "2305"]
[BlackElo "2545"]
[PlyCount "93"]
[EventDate "1982.12.04"]
[EventType "swiss"]
[EventRounds "9"]
[EventCountry "ENG"]
[SourceTitle "EXT 2010"]
[Source "ChessBase"]
[SourceDate "2010.11.25"]
[SourceVersion "1"]
[SourceVersionDate "2010.11.25"]
[SourceQuality "1"]

1. d4 Nf6 2. c4 e6 3. Nf3 b6 4. a3 d5 5. cxd5 exd5 6. Nc3 Be7 7. g3 O-O 8. Bg2
Bb7 9. O-O c5 10. Bf4 Na6 11. dxc5 bxc5 12. Ne5 Nc7 13. Qa4 Bd6 14. Nc6 Bxc6
15. Qxc6 Bxf4 16. gxf4 Rb8 17. e3 Qe7 18. b4 d4 19. exd4 cxb4 20. axb4 Ne6 21.
Ne2 Qxb4 22. d5 Nxf4 23. Nxf4 Qxf4 24. Rxa7 Rfc8 25. Qa4 Qe5 26. Qa1 Qf4 27.
Ra4 Qd6 28. Rc1 Rxc1+ 29. Qxc1 h5 30. h3 Qe5 31. Qa1 Qxa1+ 32. Rxa1 Kf8 33. Kh2
Rd8 34. Kg3 Ke7 35. Ra5 g5 36. h4 gxh4+ 37. Kxh4 Rg8 38. Ra7+ Kd6 39. Ra6+ Kc5
40. Bf3 Ng4 41. Rc6+ Kd4 42. Rc2 Ne5 43. Bxh5 Rh8 44. d6 Kd5 45. Rd2+ Ke6 46.
Rd1 Kd7 47. f4 1/2-1/2

[Event "Regency Masters"]
[Site "Ramsgate"]
[Date "1982.12.12"]
[Round "9.5"]
[White "Binham, Timothy F"]
[Black "Kosten, Anthony C"]
[Result "1-0"]
[WhiteElo "2345"]
[BlackElo "2340"]
[PlyCount "111"]
[EventDate "1982.12.04"]
[EventType "swiss"]
[EventRounds "9"]
[EventCountry "ENG"]
[SourceTitle "BritBase"]
[Source "John Saunders"]
[SourceDate "2020.09.07"]
[SourceVersion "1"]
[SourceVersionDate "2020.09.07"]
[SourceQuality "2"]

1. e4 c5 2. Nf3 d6 3. Bb5+ Nd7 4. d4 Ngf6 5. e5 cxd4 6. Qxd4 dxe5 7. Nxe5 a6 8.
Bxd7+ Nxd7 9. Nc3 e6 10. Nc4 b5 11. Nd6+ Bxd6 12. Qxd6 Qb6 13. Qg3 O-O 14. Be3
Qd8 15. O-O-O Qe7 16. Rhe1 f6 17. Qc7 Qf7 18. f4 Ne5 19. Qxf7+ Nxf7 20. a4 Bb7
21. Bc5 Rfe8 22. axb5 axb5 23. Nxb5 Bxg2 24. Ba3 Rac8 25. Rd7 Bc6 26. Rxf7 Bxb5
27. Rb7 Bd3 28. c3 e5 29. fxe5 fxe5 30. Kd2 Rcd8 31. Ke3 Bg6 32. Re2 Rd3+ 33.
Kf2 e4 34. Bc5 h6 35. Bd4 Rf3+ 36. Kg2 Bf7 37. Rd7 Rf5 38. Re3 Rb8 39. b4 Ra8
40. Kg3 Rg5+ 41. Kf2 Be6 42. Re7 Rf8+ 43. Ke1 Rg1+ 44. Kd2 Ra8 45. Rg3 Ra2+ 46.
Ke3 Re1+ 47. Kf4 g5+ 48. Ke5 Bf7 49. h4 Ra6 50. hxg5 Rg6 51. Bf2 Rf1 52. gxh6
Kf8 53. Rxg6 Bxg6 54. Bc5 Rf5+ 55. Ke6 e3 56. h7 1-0

[Event "Regency Masters"]
[Site "Ramsgate"]
[Date "1982.12.12"]
[Round "9.7"]
[White "King, Daniel J"]
[Black "Prie, Eric"]
[Result "1/2-1/2"]
[WhiteElo "2430"]
[BlackElo "2205"]
[PlyCount "31"]
[EventDate "1982.12.04"]
[EventType "swiss"]
[EventRounds "9"]
[EventCountry "ENG"]
[SourceTitle "BritBase"]
[Source "John Saunders"]
[SourceDate "2021.10.06"]
[SourceVersion "1"]
[SourceVersionDate "2021.10.06"]
[SourceQuality "1"]

1. Nf3 c5 2. c4 Nf6 3. g3 b6 4. Bg2 Bb7 5. O-O e6 6. Nc3 Be7 7. b3 d6 8. d4
cxd4 9. Qxd4 Nbd7 10. Rd1 a6 11. e4 Qb8 12. Ba3 Nc5 13. e5 dxe5 14. Qxe5 Bxf3
15. Qxb8+ Rxb8 16. Bxf3 1/2-1/2

[Event "Regency Masters"]
[Site "Ramsgate"]
[Date "1982.12.12"]
[Round "9.8"]
[White "Upton, Timothy J"]
[Black "Carlier, Bruno"]
[Result "1-0"]
[WhiteElo "2295"]
[BlackElo "2255"]
[PlyCount "49"]
[EventDate "1982.12.04"]
[EventType "swiss"]
[EventRounds "9"]
[EventCountry "ENG"]
[SourceTitle "BritBase"]
[Source "John Saunders"]
[SourceDate "2020.09.07"]
[SourceVersion "1"]
[SourceVersionDate "2020.09.07"]
[SourceQuality "2"]

1. e4 c5 2. Nf3 e6 3. d4 cxd4 4. Nxd4 Nf6 5. Nc3 Bb4 6. e5 Nd5 7. Bd2 Nxc3 8.
bxc3 Be7 9. Bd3 Na6 10. Qg4 g6 11. h4 Nc5 12. h5 g5 13. O-O Nxd3 14. cxd3 Qa5
15. f4 h6 16. fxg5 Qxe5 17. gxh6 Bf8 18. Rae1 Qc5 19. Rf5 Qe7 20. Bg5 Qd6 21.
Bf4 Qb6 22. Rxf7 Kxf7 23. Qg6+ Ke7 24. Bg5+ Kd6 25. Qf6 1-0

[Event "Regency Masters"]
[Site "Ramsgate"]
[Date "1982.12.12"]
[Round "9.9"]
[White "Langeweg, Kick"]
[Black "Flear, Glenn C"]
[Result "1-0"]
[WhiteElo "2395"]
[BlackElo "2365"]
[PlyCount "71"]
[EventDate "1982.12.04"]
[EventType "swiss"]
[EventRounds "9"]
[EventCountry "ENG"]
[SourceTitle "BritBase"]
[Source "John Saunders"]
[SourceDate "2021.10.06"]
[SourceVersion "1"]
[SourceVersionDate "2021.10.06"]
[SourceQuality "1"]

1. d4 d5 2. Nf3 Nf6 3. c4 e6 4. Nc3 c6 5. Bg5 Nbd7 6. cxd5 exd5 7. e3 Be7 8.
Bd3 Ne4 9. Bxe7 Qxe7 10. Qc2 f5 11. O-O-O O-O 12. Kb1 Rf6 13. Rhe1 b6 14. Nh4
Bb7 15. g4 fxg4 16. Nxe4 dxe4 17. Bxe4 g6 18. Rg1 Qe6 19. f3 {('g3' bulletin)}
gxf3 20. Nxf3 Re8 21. Ng5 Qe7 {('Qc7' bulletin)} 22. h4 Nf8 23. Qc4+ Kg7 24.
Rgf1 Nd7 25. Rxf6 Nxf6 26. Bxc6 Bxc6 27. Qxc6 Qxe3 28. d5 Qe2 29. Qc1 h6 30.
Ne6+ Kf7 31. Rf1 Qd3+ 32. Ka1 Qxd5 33. Nc7 Qe5 34. Nxe8 Qxe8 35. Qxh6 Qe2 36.
Rxf6+ 1-0

[Event "Regency Masters"]
[Site "Ramsgate"]
[Date "1982.12.12"]
[Round "9.11"]
[White "Manouck, Thierry"]
[Black "Short, Nigel D"]
[Result "1/2-1/2"]
[WhiteElo "2385"]
[BlackElo "2485"]
[PlyCount "46"]
[EventDate "1982.12.04"]
[EventType "swiss"]
[EventRounds "9"]
[EventCountry "ENG"]
[SourceTitle "BritBase"]
[Source "John Saunders"]
[SourceDate "2021.10.06"]
[SourceVersion "1"]
[SourceVersionDate "2021.10.06"]
[SourceQuality "1"]

1. c4 e6 2. Nf3 b6 3. g3 Bb7 4. Bg2 Nf6 5. O-O c5 6. Nc3 Be7 7. d4 cxd4 8. Qxd4
d6 9. Bg5 a6 10. Bxf6 Bxf6 11. Qf4 Bxf3 12. Bxf3 Ra7 13. Rfd1 Be5 14. Qd2 O-O
15. Rac1 Rc7 16. b3 Qc8 17. Na4 Nd7 18. Nb2 b5 19. cxb5 axb5 20. Rxc7 Qxc7 21.
Rc1 Qb6 22. Nd3 Bf6 {('Be7' bulletin)} 23. Qc2 Ne5 1/2-1/2

[Event "Regency Masters"]
[Site "Ramsgate"]
[Date "1982.12.12"]
[Round "9.15"]
[White "Segal, Alexandru Sorin"]
[Black "Forintos, Gyozo Victor"]
[Result "1/2-1/2"]
[WhiteElo "2385"]
[BlackElo "2410"]
[PlyCount "20"]
[EventDate "1982.12.04"]
[EventType "swiss"]
[EventRounds "9"]
[EventCountry "ENG"]
[SourceTitle "BritBase"]
[Source "John Saunders"]
[SourceDate "2021.10.06"]
[SourceVersion "1"]
[SourceVersionDate "2021.10.06"]
[SourceQuality "1"]

1. d4 e6 2. e4 d5 3. exd5 exd5 4. Nf3 Bd6 5. Bd3 Nf6 6. O-O O-O 7. Bg5 h6 8.
Bh4 Nbd7 9. Nbd2 Re8 10. c3 c6 1/2-1/2